| 000 | 00855nam a2200241 i 4500 | ||
|---|---|---|---|
| 001 | 181889 | ||
| 003 | ES-MaACL | ||
| 005 | 20250824063058.0 | ||
| 008 | 130506s2011 sp |||| | spa d | ||
| 020 | _a978-84-15014-70-6 | ||
| 080 | _a821.134.2-14"192 | ||
| 100 | 1 |
_aGómez, Rosario, _d1960- _9152686 |
|
| 245 | 1 | 0 |
_aSu luz me basta / _cRosario Gómez ; prólogo de Ángel Gómez Moreno ; [ilustraciones Ana Valenciano]. |
| 250 | _a[1ª ed.]. | ||
| 260 |
_aMadrid : _bSial, _c[2011] |
||
| 300 |
_a67 p. : _bil. ; _c21 cm. |
||
| 700 | 0 |
_aGómez Moreno, Angel. _958064 |
|
| 700 | 1 |
_aValenciano, Ana. _9147332 |
|
| 852 |
_aES-MaACL _jN-5599 _9188797 _bR.148733 _cDEPO1 _dOlim: N-5599 _xDonación: Rosario Gómez _zDedicatoria autógrafa de la autora |
||
| 903 |
_aRosario Gómez _ednr |
||
| 942 |
_2udc _cMONOGRAFIA |
||
| 999 |
_c181889 _d181889 |
||